000 00717nam a22002172 4500
001 0000013124
005 20151217152122.0
008 090610s xx 000 0 eng d
020 _a1591401402 :
040 _aKABU
_cKABU
245 1 0 _aStrategies for information technology governance /
_cWim Van Grembergen, edior.
250 _a1st ed.
260 _aLondon :
_bIdea Group,
_c2004.
300 _axii, 390 p.
650 0 _aInformation technology
_xManagement.
_@0000150506
650 0 _aBusiness enterprises
_xCommunication sytems
_xManagement.
_@0000170250
700 1 _aVan Grembergen, Wim.
_@0000170251
852 1 _9p8320 KES
908 _a090610
950 _@1
999 _c8452
_d8452